1309 1656 1749 1752 1196 1201 1971 1116 1229 1966 1344 1867 1992 1156 1362 1496 1717 1401 1960 1313 1768 1749 1148 1689 1526 1099 1229 1524 1943 1739 1052 1977 1387 1234 1531 1502 1062 1035 1116 1589 1379 1513 1655 1830 1717 1904 1803 1539 1258 1537 1321 1086 1290 1596 1848 1049 1874 1835 1600 1126 1233 1086 1910 1226 1398 1956 1804 1103 1165 1501 1885 1239 1112 1287 1739 1028 1443 1007 1740 1519 1998 1857 1518 1895 1660 1696 1946 1304 1009 1771 1004 1719 1915 1799 1961 1791 1793 1759 1609 BCNSPRNW ULIB Ver.6.0+V

เปลี่ยนเป็นภาษาไทย

Change to English
 แสดงรายละเอียดบรรณานุกรม
  กลับหน้าหลัก

Brief Record : Get Marc (ISO 2709) : E-mail record : QR code < ปิดหน้าต่าง
LEADER : 00000nam 2200000uu 4500
001    13399114720
003     ULIB
008    120110s2550||||th 000 0 tha d
099    วจ.WC195^bว296ค
100 0  วราภรณ์ สัตยวงศ์
245 00 ความสัมพันธ์ระหว่างความรู้และพฤติกรรมการป้องกันการติดเชื้อจากการขึ้นฝึกปฏิบัติงานบนหอผู้ป่วยครั้งแรก ของนักศึกษาพยาบาล ชั้นปีที่ 2 วิทยาลัยพยาบาลบรมราชชนนี พุทธชินราช /^cวราภรณ์ สัตยวงศ์,ชมนาด วรรณพรศิริและสุภรณ์ เหมกมลพันธ์
260    พิษณุโลก :^bวิทยาลัยพยาบาลบรมราชชนนี พุทธชินราช,^c2550
300    56 หน้า :^bตาราง
500    รายงานการวิจัย
650  7 การป้องกันการติดเชื้อ^xเจตคติ^xวิจัย
650  7 การป้องกันการติดเชื้อ^xฝึกงาน^xวิจัย
700 02 ชมนาด วรรณพรศิริ
700 02 สุภรณ์ เหมกมลพันธ์
710 1  วิทยาลัยพยาบาลบรมราชชนนี พุทธชินราช
945    ^p0^l0^i031734
995    ทศพร
999 ^a ทศพร
รายการนี้ยังไม่มีแท็ก
คุณยังไม่ได้ล็อกอิน คุณสามารถมีกิจกรรมร่วมกับเว็บไซต์ได้ แต่ต้องล็อกอินก่อน ::
  ล็อกอิน

รายการสื่อสารสนเทศ

ลำดับที่ ประเภท เลขเรียก/บาร์โค้ด สถานที่ สถานะ
1. งานวิจัย
งานวิจัย
วจ.WC195 ว296ค ฉ.1 
  Barcode: 031734
ห้องสมุดวิทยาเขตสวรรค์ประชารักษ์
►วิจัย
บนชั้น

รายการใกล้เคียง
    ผู้แต่ง [วราภรณ์ สัตยวงศ์]

BibComment


ยังไม่เคยถูกคอมเมนท์

คอมเมนท์ทรัพยากรรายการนี้
  คอมเมนท์: ความสัมพันธ์ระหว่..


 Copyright 2026. Bcnsprnw @Library